| 000 | 00656nam a2200229 a 4500 | ||
|---|---|---|---|
| 999 |
_c1516 _d1516 |
||
| 001 | 1516 | ||
| 003 | BD-JhCC | ||
| 005 | 20171021111241.0 | ||
| 008 | 171021s2007 bg |||| |||| 00| 0 ben d | ||
| 020 | _a9844105394 | ||
| 035 | _a(BD-JhCC)1516 | ||
| 040 |
_aBD-JhCC _dBD-JhCC |
||
| 041 | _aben | ||
| 082 |
_223 _a891.4435 _bSUL 2007 |
||
| 100 | _aসুলতানা, রাশিদা | ||
| 245 |
_aআঁধি / _cরাশিদা সুলতানা |
||
| 260 |
_aঢাকা : _bমাওলা ব্রাদার্স, _c2007. |
||
| 300 |
_a92 p. : _c21 cm. |
||
| 650 | _aShort Stories Bengali | ||
| 942 |
_2ddc _cBK |
||